Statistics for 10 Westernmost U.S. State Capitals

Click here to take the quiz!

General Stats

  • This quiz has been taken 12,119 times
  • The average score is 9 of 10

Answer Stats

Longitude Capital % Correct
121.49 WSacramento
98%
157.85 WHonolulu
92%
112.07 WPhoenix
89%
134.41 WJuneau
88%
122.89 WOlympia
85%
116.21 WBoise
83%
111.89 WSalt Lake City
83%
123.03 WSalem
81%
119.77 WCarson City
79%
112.02 WHelena
73%

Score Distribution

Percentile by Number Answered

Percent of People with Each Score

Your Score History

You have not taken this quiz